Česko je špičkou ve výzkumu umělé inteligence
Účasť českých univerzít (České vysoké učení technické - ČVUT a Vysoké učení technické - VUT) na špičkovom výskume. Umelá inteligencia a spracovanie obrazu. Rozvoj hlbokých sietí. Spolupráca s firmami. Spoločná vedecká práca s Toyotou. Umelá inteligencia v zdravotníctve.
Saved in:
| Main Author: | |
|---|---|
| Format: | Book Chapter |
| Language: | Czech |
| Subjects: | |
| Tags: |
No Tags, Be the first to tag this record!
|
MARC
| LEADER | 00000naa a2200000 4500 | ||
|---|---|---|---|
| 001 | 0226613 | ||
| 005 | 20170131132008.1 | ||
| 041 | 0 | |a cze | |
| 044 | |a CZ | ||
| 245 | 1 | 0 | |a Česko je špičkou ve výzkumu umělé inteligence |c Hana Kejhová |
| 520 | |a Účasť českých univerzít (České vysoké učení technické - ČVUT a Vysoké učení technické - VUT) na špičkovom výskume. Umelá inteligencia a spracovanie obrazu. Rozvoj hlbokých sietí. Spolupráca s firmami. Spoločná vedecká práca s Toyotou. Umelá inteligencia v zdravotníctve. | ||
| 610 | 2 | 0 | |a inteligencia umelá |
| 610 | 2 | 0 | |a veda |
| 610 | 2 | 0 | |a výskum |
| 610 | 2 | 0 | |a univerzity |
| 610 | 2 | 0 | |a priemysel automobilový |
| 610 | 2 | 0 | |a zdravotníctvo |
| 610 | 2 | 0 | |a Česko |
| 100 | 1 | |a Kejhová, Hana | |